000 00490nam a2200181Ia 4500
001 7979
005 20260306160535.0
008 260306t2024||||xx |||||||||||||| ||spa||
041 _aESP
082 _a365.64
_bH53
100 _aHilarión Garzón, Juan Orlando,
_eAUT
245 0 _aMonarca :
_bel efecto mariposa trás de las rejas. Personas privadas de la libertad
260 _c2024
300 _a111 páginas :
_c23 cm.
650 _aGEN
654 _aCHU
942 _cLIB
_dJUS
_fJUS
_2ddc
_n
999 _c7979
_d7979